000 00688nam a2200229 a 4500
001 18216
003 CO-ViMGA
008 141112s2004 ck r 000 u spa d
020 _a9681855426
040 _aCO-ViMGA
_bspa
_cCO-ViMGA
082 0 4 _a412 C151m
100 1 _aCamacho Becerra, Heriberto; Comparan Rizo, Juan Jose; Castillo Robles, Felipe
_925933
245 1 0 _aManual de etimologías Grecolatinas
260 _aMexico,
_cLimusa,
_c2002
300 _a338.p.
590 _aForma de adquisición : Premio - Mincultura
650 1 4 _aESPAÑOL - ETIMOLOGIAS
_925934
650 1 4 _aLEXICOLOGIA
_925935
650 1 4 _aSEMANTICA
_97594
650 1 4 _aVOCABULARIO
_91176
942 _2ddc
_cBK
999 _c27575
_d27575